[Event "Olympiad Women-42"]
[Site "Baku"]
[Date "2016.09.06"]
[Round "5.1"]
[White "Baktach, Nesrine"]
[Black "Kigeni, Grace"]
[Result "0-1"]
[WhiteElo "1637"]
[BlackElo "1632"]
[PlyCount "90"]
[EventDate "2016.09.02"]
[EventType "team-swiss"]
[EventRounds "11"]
[EventCountry "AZE"]
[SourceTitle "CBM 174 Extra"]
[Source "ChessBase"]
[SourceDate "2016.10.10"]
[SourceVersion "1"]
[SourceVersionDate "2016.10.10"]
[SourceQuality "1"]
[WhiteTeam "Tunisia (W)"]
[BlackTeam "Uganda (W)"]
[WhiteTeamCountry "TUN"]
[BlackTeamCountry "UGA"]

1. e4 c5 2. Nc3 Nc6 3. f4 d6 4. Bb5 Bd7 5. Nf3 g6 6. 0-0 Bg7 7. Kh1 a6 8. Bxc6 Bxc6 9. d3 Nf6 10. Qe1 e6 11. Bd2 0-0 12. Qh4 Nh5 13. Qf2 b5 14. Rab1 b4 15. Ne2 Ba4 16. c3 Bc2 17. Rbe1 Bxd3 18. e5 bxc3 19. bxc3 Bh8 20. Qe3 Bc4 21. a3 Rc8 22. Ng5 dxe5 23. fxe5 Bxe5 24. Qxe5 Qxd2 25. Ne4 Qd5 26. Nf6+ Nxf6 27. Qxf6 Qd8 28. Qf4 Bxe2 29. Rxe2 Qa5 30. Qc1 Rcd8 31. Re3 c4 32. Re4 Qc5 33. Rff4 Qh5 34. Rf1 Rc8 35. Rd4 e5 36. Rd5 f6 37. Rd6 f5 38. Rxa6 e4 39. Qe3 Rfd8 40. Ra7 Rd1 41. Rg1 Rxg1+ 42. Kxg1 Qd1+ 43. Kf2 Rd8 44. Qe1 e3+ 45. Kf1 Qd3+ 0-1

[Event "Olympiad Women-42"]
[Site "Baku"]
[Date "2016.09.05"]
[Round "4.47"]
[White "Baktach, Nesrine"]
[Black "Herrera, Marjorie"]
[Result "0-1"]
[WhiteElo "1637"]
[BlackElo "1738"]
[PlyCount "92"]
[EventDate "2016.09.02"]
[EventType "team-swiss"]
[EventRounds "11"]
[EventCountry "AZE"]
[SourceTitle "CBM 174 Extra"]
[Source "ChessBase"]
[SourceDate "2016.10.10"]
[SourceVersion "1"]
[SourceVersionDate "2016.10.10"]
[SourceQuality "1"]
[WhiteTeam "Tunisia (W)"]
[BlackTeam "El Salvador (W)"]
[WhiteTeamCountry "TUN"]
[BlackTeamCountry "ESA"]

1. e4 e5 2. Nf3 Nc6 3. d4 exd4 4. Nxd4 Qh4 5. Nb5 Qxe4+ 6. Be2 Bb4+ 7. c3 Ba5 8. 0-0 Nge7 9. Nd2 Qf5 10. Nc4 Kd8 11. Nxa5 Nxa5 12. Qa4 Nac6 13. Bf4 Nd5 14. Bg3 d6 15. Rad1 a6 16. Nd4 Nxd4 17. Qxd4 Nf6 18. c4 Qe4 19. Qd2 Re8 20. Bd3 Qd4 21. Qc2 Bg4 22. Rd2 h6 23. Kh1 Bd7 24. f3 b6 25. Be4 Rxe4 26. Rxd4 Rxd4 27. Qc3 c5 28. Bf2 Rf4 29. Qd2 Rxc4 30. Qxd6 Rc8 31. Qxb6+ Ke8 32. Re1+ Kf8 33. Qd6+ Kg8 34. Re7 Be6 35. Qxa6 Rc1+ 36. Bg1 Rd8 37. h3 Rdd1 38. Kh2 Rxg1 39. Qa8+ Kh7 40. a4 Nh5 41. g4 Rh1+ 42. Kg2 Rcg1+ 43. Kf2 Rf1+ 44. Kg2 Nf4+ 45. Kg3 Ne2+ 46. Kg2 Rhg1+ 0-1

[Event "Benidorm op U2300 13th"]
[Site "Benidorm"]
[Date "2014.11.30"]
[Round "3"]
[White "Spanton, Timothy"]
[Black "Baktach, Nesrine"]
[Result "0-1"]
[WhiteElo "2002"]
[BlackElo "1652"]
[PlyCount "35"]
[EventDate "2014.11.28"]
[EventType "swiss"]
[EventRounds "10"]
[EventCountry "ESP"]
[SourceTitle "CBM 163 Extra"]
[Source "ChessBase"]
[SourceDate "2014.12.23"]
[SourceVersion "1"]
[SourceVersionDate "2014.12.23"]
[SourceQuality "1"]

1. c4 e6 2. g3 d5 3. Bg2 c6 4. Nf3 Nf6 5. b3 Bc5 6. 0-0 e5 7. d4 exd4 8. cxd5 cxd5 9. Nxd4 Nc6 10. Bb2 0-0 11. Na3 Nxd4 12. Bxd4 Bxa3 13. Bxf6 Qxf6 14. Qxd5 Rd8 15. Qa5 Be7 16. Rac1 Qg5 17. Qa4 Bd7 18. f4 0-1

[Event "Francophone op 2nd"]
[Site "Beirut"]
[Date "2014.06.08"]
[Round "9"]
[White "Baktach, Nesrine"]
[Black "Salameh, Rami"]
[Result "0-1"]
[WhiteElo "1660"]
[BlackElo "1622"]
[PlyCount "64"]
[EventDate "2014.05.31"]
[EventType "swiss"]
[EventRounds "9"]
[EventCountry "LBN"]
[SourceTitle "EXT 2015"]
[Source "ChessBase"]
[SourceDate "2014.11.20"]
[SourceVersion "1"]
[SourceVersionDate "2014.11.20"]
[SourceQuality "1"]

1. e4 e5 2. Nf3 Nc6 3. d4 exd4 4. Nxd4 Nxd4 5. Qxd4 d6 6. Nc3 Nf6 7. Bc4 Be7 8. Be3 a6 9. a4 c6 10. 0-0 0-0 11. f3 Qc7 12. Rad1 b5 13. axb5 axb5 14. Bb3 Ba6 15. Rfe1 c5 16. Qd2 c4 17. Ba2 Rfd8 18. Qf2 Rab8 19. Nd5 Nxd5 20. exd5 Bf6 21. c3 b4 22. Bd4 Bxd4 23. Rxd4 b3 24. Bb1 Re8 25. Rxe8+ Rxe8 26. Qh4 g6 27. Kf1 f5 28. Qg3 Qe7 29. Bxf5 Qe2+ 30. Kg1 Qe3+ 31. Kf1 Qc1+ 32. Kf2 Qe1# 0-1

[Event "Francophone op 2nd"]
[Site "Beirut"]
[Date "2014.05.31"]
[Round "1"]
[White "Baktach, Nesrine"]
[Black "Khairallah, Faisal"]
[Result "0-1"]
[WhiteElo "1660"]
[BlackElo "2246"]
[PlyCount "46"]
[EventDate "2014.05.31"]
[EventType "swiss"]
[EventRounds "9"]
[EventCountry "LBN"]
[SourceTitle "EXT 2015"]
[Source "ChessBase"]
[SourceDate "2014.11.20"]
[SourceVersion "1"]
[SourceVersionDate "2014.11.20"]
[SourceQuality "1"]

1. e4 d6 2. d4 Nf6 3. Nc3 Nbd7 4. Bc4 c6 5. Bb3 e5 6. d5 Nc5 7. f3 a5 8. Be3 a4 9. Bxc5 dxc5 10. Bxa4 b5 11. Bxb5 cxb5 12. Nxb5 Qa5+ 13. Nc3 c4 14. Nge2 Rb8 15. Rb1 Bc5 16. Qd2 0-0 17. Qg5 Nd7 18. a3 Bxa3 19. Ra1 Rxb2 20. Qc1 Qb4 21. 0-0 Ra2 22. Qb1 Qxb1 23. Raxb1 Rxc2 0-1

[Event "Monastir Belkadhi op (Women)"]
[Site "Monastir"]
[Date "2014.05.04"]
[Round "2"]
[White "Baktach, Nesrine"]
[Black "Latreche, Sabrina"]
[Result "0-1"]
[WhiteElo "1660"]
[BlackElo "1994"]
[PlyCount "54"]
[EventDate "2014.05.03"]
[EventType "swiss"]
[EventRounds "9"]
[EventCountry "TUN"]
[SourceTitle "EXT 2016"]
[Source "ChessBase"]
[SourceDate "2015.10.08"]
[SourceVersion "1"]
[SourceVersionDate "2015.10.08"]
[SourceQuality "1"]

1. e4 e5 2. Nf3 Nc6 3. d4 exd4 4. Nxd4 Nf6 5. Nxc6 bxc6 6. Bd3 d6 7. 0-0 Be7 8. Nc3 0-0 9. f4 Re8 10. Kh1 Bf8 11. Bd2 Rb8 12. Rb1 Bd7 13. Be1 Ng4 14. Qf3 f5 15. exf5 Ne3 16. Rg1 Nxf5 17. Bf2 d5 18. g4 Nh6 19. f5 Nf7 20. Qh3 c5 21. Nxd5 Bc6 22. c4 Ne5 23. Bh4 Nxd3 24. Bxd8 Nf2+ 25. Kg2 Nxh3 26. Bxc7 Nxg1 27. Bxb8 Ne2 0-1

[Event "TUN-ch (Women)"]
[Site "Bizert "]
[Date "2014.03.29"]
[Round "8"]
[White "Krifa, Najla"]
[Black "Baktach, Nesrine"]
[Result "1/2-1/2"]
[WhiteElo "1785"]
[BlackElo "1677"]
[PlyCount "51"]
[EventDate "2014.03.16"]
[EventType "swiss"]
[EventRounds "9"]
[EventCountry "TUN"]
[SourceTitle "EXT 2016"]
[Source "ChessBase"]
[SourceDate "2015.10.08"]
[SourceVersion "1"]
[SourceVersionDate "2015.10.08"]
[SourceQuality "1"]

1. e4 e6 2. d4 d5 3. exd5 exd5 4. Bd3 Nf6 5. Nc3 Bg4 6. Nge2 Nbd7 7. Bg5 c6 8. Qc1 Bd6 9. Bf4 Bxf4 10. Qxf4 0-0 11. 0-0 Re8 12. Ng3 Nf8 13. h3 Bd7 14. Nce2 Ng6 15. Qd2 Qc7 16. Rfe1 Re7 17. c3 Rae8 18. Kh1 Ne4 19. Nxe4 dxe4 20. Bc4 e3 21. fxe3 Rxe3 22. Ng1 Qg3 23. Rxe3 Rxe3 24. Rf1 Nf4 25. Qf2 Qxf2 26. Rxf2 1/2-1/2

[Event "TUN-ch (Women)"]
[Site "Bizert "]
[Date "2014.03.27"]
[Round "5"]
[White "Baktach, Nesrine"]
[Black "Ben Fredj, Mariem"]
[Result "1-0"]
[WhiteElo "1677"]
[BlackElo "1319"]
[PlyCount "81"]
[EventDate "2014.03.16"]
[EventType "swiss"]
[EventRounds "9"]
[EventCountry "TUN"]
[SourceTitle "EXT 2016"]
[Source "ChessBase"]
[SourceDate "2015.10.08"]
[SourceVersion "1"]
[SourceVersionDate "2015.10.08"]
[SourceQuality "1"]

1. e4 d5 2. Nc3 d4 3. Nce2 Nc6 4. d3 e5 5. g3 Nf6 6. Bg2 Be6 7. Nf3 Bb4+ 8. Bd2 Bxd2+ 9. Qxd2 0-0 10. 0-0 Qd7 11. Nc1 Bh3 12. Nb3 Rfe8 13. Nc5 Qc8 14. Bxh3 Qxh3 15. Nxb7 Rab8 16. Nc5 Rxb2 17. Nb3 Rb8 18. Qc1 R2xb3 19. axb3 Qd7 20. Qg5 Re8 21. Nh4 h6 22. Qf5 Qd6 23. Qf3 Qd7 24. Nf5 Kf8 25. Rfc1 Rd8 26. Kg2 Qe6 27. Ra6 Qd7 28. Nxh6 Ke7 29. Nf5+ Kf8 30. Kg1 Rb8 31. Nh4 Ke7 32. Qf5 Qd6 33. Qg5 Kd7 34. Qxg7 Qe6 35. Ng6 Rg8 36. Nf8+ Ke7 37. Nxe6 Rxg7 38. Nxg7 Kd7 39. h4 Ng4 40. h5 Nh6 41. Nf5 1-0

[Event "TUN-ch (Women)"]
[Site "Bizert "]
[Date "2014.03.26"]
[Round "4"]
[White "Hidoussi, Maroua"]
[Black "Baktach, Nesrine"]
[Result "1-0"]
[WhiteElo "1531"]
[BlackElo "1677"]
[PlyCount "79"]
[EventDate "2014.03.16"]
[EventType "swiss"]
[EventRounds "9"]
[EventCountry "TUN"]
[SourceTitle "EXT 2016"]
[Source "ChessBase"]
[SourceDate "2015.10.08"]
[SourceVersion "1"]
[SourceVersionDate "2015.10.08"]
[SourceQuality "1"]

1. Nf3 Nf6 2. g3 g6 3. Bg2 Bg7 4. 0-0 d5 5. d3 0-0 6. Bf4 c6 7. c3 Qb6 8. Qc2 Nh5 9. Bxb8 Rxb8 10. Re1 Bg4 11. e4 dxe4 12. Rxe4 Bxf3 13. Bxf3 e6 14. Bxh5 gxh5 15. Rh4 Qb5 16. Na3 Qf5 17. Qe2 Rbd8 18. d4 Rd5 19. Nc2 Qg5 20. Ne3 Ra5 21. b4 Qb5 22. Qxb5 Rxb5 23. a4 Rg5 24. f4 Rg6 25. Rxh5 Rh6 26. Rxh6 Bxh6 27. Ng4 Bg7 28. Ne5 Bxe5 29. fxe5 f6 30. Rf1 f5 31. Kg2 Kg7 32. g4 f4 33. Kf3 Kg6 34. h4 h5 35. g5 Kf5 36. Re1 Kg6 37. Re4 Rh8 38. Rxf4 Re8 39. Rf6+ Kg7 40. Rh6 1-0

[Event "Africa-ch (Women)"]
[Site "Tunis"]
[Date "2013.05.26"]
[Round "8"]
[White "Baktach, Nesrine"]
[Black "Lopang, Tshepiso"]
[Result "1-0"]
[WhiteElo "1684"]
[BlackElo "1784"]
[PlyCount "151"]
[EventDate "2013.05.18"]
[EventType "swiss"]
[EventRounds "9"]
[EventCountry "TUN"]
[SourceTitle "CBM 154 Extra"]
[Source "ChessBase"]
[SourceDate "2013.06.25"]
[SourceVersion "2"]
[SourceVersionDate "2013.06.25"]
[SourceQuality "1"]

1. e4 d5 2. exd5 Qxd5 3. Nc3 Qd8 4. Nf3 Nf6 5. Bc4 Bg4 6. Bxf7+ Kxf7 7. Ne5+ Kg8 8. Nxg4 c6 9. Qe2 h6 10. Ne5 Qe8 11. Qc4+ e6 12. 0-0 Nbd7 13. d4 Rd8 14. Ne2 Nd5 15. Nf4 Nxe5 16. dxe5 Nxf4 17. Bxf4 Kh7 18. Rad1 Rd7 19. Rd3 Qf7 20. Rfd1 Rd5 21. Qe4+ g6 22. c4 Rxd3 23. Rxd3 Bc5 24. Be3 Bxe3 25. Qxe3 a6 26. Qd2 Re8 27. Rh3 g5 28. Qxg5 Qg6 29. Qxg6+ Kxg6 30. Kf1 Rd8 31. Ke2 Rd4 32. b3 b5 33. cxb5 axb5 34. Rc3 Re4+ 35. Kd3 Rxe5 36. Rxc6 Kf5 37. b4 Rd5+ 38. Kc3 Kf6 39. Rc5 Rd1 40. Rxb5 Rf1 41. Rb8 Ke7 42. a4 Rxf2 43. Rg8 Rf1 44. b5 Kd6 45. b6 Kc6 46. a5 Rc1+ 47. Kd4 Ra1 48. Rg6 Rxa5 49. Rxe6+ Kb7 50. Rxh6 Rg5 51. g3 Ra5 52. Kc4 Rg5 53. Kd4 Ra5 54. Ke4 Ra4+ 55. Kf5 Ra5+ 56. Kg4 Ra4+ 57. Kh3 Ra5 58. Rf6 Rh5+ 59. Kg2 Ra5 60. h4 Rb5 61. g4 Rb2+ 62. Kg3 Rb3+ 63. Kf4 Rb4+ 64. Kg5 Rb5+ 65. Kg6 Rb4 66. Kg5 Rb5+ 67. Rf5 Rxb6 68. h5 Re6 69. h6 Re7 70. Kg6 Re4 71. g5 Kc7 72. Rf7+ Kd6 73. h7 Re8 74. Kg7 Ke6 75. Rf6+ Ke5 76. h8Q 1-0

[Event "Africa-ch (Women)"]
[Site "Tunis"]
[Date "2013.05.25"]
[Round "7"]
[White "Baktach, Nesrine"]
[Black "Meddeb, Chadha"]
[Result "1/2-1/2"]
[WhiteElo "1684"]
[BlackElo "1677"]
[PlyCount "35"]
[EventDate "2013.05.18"]
[EventType "swiss"]
[EventRounds "9"]
[EventCountry "TUN"]
[SourceTitle "CBM 154 Extra"]
[Source "ChessBase"]
[SourceDate "2013.06.25"]
[SourceVersion "2"]
[SourceVersionDate "2013.06.25"]
[SourceQuality "1"]

1. e4 e5 2. Nf3 Nf6 3. Nc3 Bb4 4. Nxe5 Bxc3 5. dxc3 d6 6. Nf3 Nxe4 7. Bd3 Nf6 8. 0-0 0-0 9. Re1 Bg4 10. Bg5 Nbd7 11. Be2 Re8 12. Nd4 Bxe2 13. Rxe2 Rxe2 14. Qxe2 Qe8 15. Qxe8+ Rxe8 16. Kf1 a6 17. Re1 Rxe1+ 18. Kxe1 1/2-1/2

[Event "Africa-ch (Women)"]
[Site "Tunis"]
[Date "2013.05.22"]
[Round "5"]
[White "Abdelmenaem, Sohayla"]
[Black "Baktach, Nesrine"]
[Result "0-1"]
[WhiteElo "1766"]
[BlackElo "1684"]
[PlyCount "86"]
[EventDate "2013.05.18"]
[EventType "swiss"]
[EventRounds "9"]
[EventCountry "TUN"]
[SourceTitle "CBM 154 Extra"]
[Source "ChessBase"]
[SourceDate "2013.06.25"]
[SourceVersion "2"]
[SourceVersionDate "2013.06.25"]
[SourceQuality "1"]

1. d4 d5 2. c4 e6 3. Nc3 Nf6 4. Bg5 Be7 5. e3 c6 6. cxd5 exd5 7. Qc2 h6 8. Bh4 Nbd7 9. Bd3 Nb6 10. Nge2 0-0 11. 0-0 Be6 12. f3 Rc8 13. Rad1 Re8 14. Nf4 Bd7 15. Bf2 Bd6 16. Nce2 Qc7 17. g3 c5 18. e4 dxe4 19. fxe4 cxd4 20. Qb1 Be5 21. Rc1 Qb8 22. Bxd4 Bxd4+ 23. Nxd4 Qe5 24. Nf3 Qe7 25. Rce1 Bc6 26. h3 Rcd8 27. e5 Qc5+ 28. Kh2 Bxf3 29. exf6 Rxe1 30. Qxe1 Bc6 31. fxg7 Kxg7 32. Qe2 Re8 33. Qg4+ Qg5 34. Nh5+ Kf8 35. Qb4+ Qe7 36. Qf4 Qe6 37. Nf6 Rd8 38. Qxh6+ Ke7 39. Qg5 Rxd3 40. Ne4+ Kf8 41. Qc5+ Qe7 42. Qxe7+ Kxe7 43. Nf2 Rd2 0-1

[Event "Africa-ch (Women)"]
[Site "Tunis"]
[Date "2013.05.20"]
[Round "3"]
[White "Baktach, Nesrine"]
[Black "Lahmar, Chaima"]
[Result "1/2-1/2"]
[WhiteElo "1684"]
[BlackElo "1509"]
[PlyCount "62"]
[EventDate "2013.05.18"]
[EventType "swiss"]
[EventRounds "9"]
[EventCountry "TUN"]
[SourceTitle "CBM 154 Extra"]
[Source "ChessBase"]
[SourceDate "2013.06.25"]
[SourceVersion "2"]
[SourceVersionDate "2013.06.25"]
[SourceQuality "1"]

1. e4 d5 2. exd5 Nf6 3. d4 Nxd5 4. c4 Nb6 5. Nf3 Bg4 6. Be2 e6 7. 0-0 Be7 8. Nc3 0-0 9. Be3 N8d7 10. b3 c5 11. dxc5 Bxc5 12. Bxc5 Nxc5 13. Qxd8 Raxd8 14. Rad1 a6 15. h3 Bf5 16. Nd4 Bg6 17. Nf3 Ne4 18. Nxe4 Bxe4 19. Rfe1 h6 20. Rd2 Bxf3 21. Rxd8 Rxd8 22. Bxf3 Rd7 23. Rd1 Rxd1+ 24. Bxd1 Nd7 25. Bf3 b6 26. Kf1 Ne5 27. Ke2 Nxf3 28. Kxf3 Kf8 29. Ke4 Ke7 30. b4 Kd6 31. f4 f6 1/2-1/2

[Event "Nouakchott zt 4.1 (Women)"]
[Site "Nouakchott"]
[Date "2013.03.30"]
[Round "3"]
[White "Baktach, Nesrine"]
[Black "Latreche, Khadidja"]
[Result "0-1"]
[WhiteElo "1699"]
[BlackElo "1895"]
[PlyCount "62"]
[EventDate "2013.03.29"]
[EventType "tourn"]
[EventRounds "9"]
[EventCountry "MAU"]
[SourceTitle "EXT 2015"]
[Source "ChessBase"]
[SourceDate "2014.11.20"]
[SourceVersion "1"]
[SourceVersionDate "2014.11.20"]
[SourceQuality "1"]

1. e4 d5 2. exd5 Nf6 3. d4 Nxd5 4. c4 Nb6 5. Nf3 g6 6. Nc3 Bg7 7. Be3 0-0 8. Be2 Nc6 9. Qd2 Bg4 10. 0-0-0 e5 11. d5 Ne7 12. Bh6 Bxh6 13. Qxh6 Nf5 14. Qd2 Bxf3 15. Bxf3 Qh4 16. Ne4 Nxc4 17. Qd3 Ncd6 18. Nxd6 Nxd6 19. g3 Qa4 20. Kb1 Rfe8 21. h4 Nb5 22. h5 Rec8 23. hxg6 fxg6 24. Bg2 c5 25. dxc6 bxc6 26. Bxc6 Rab8 27. Qd5+ Kf8 28. f4 Nc3+ 29. Ka1 Rxc6 30. bxc3 Qc2 31. Rd2 Qxc3+ 0-1

[Event "Nouakchott zt 4.1 (Women)"]
[Site "Nouakchott"]
[Date "2013.03.29"]
[Round "1"]
[White "Hamza, Amira"]
[Black "Baktach, Nesrine"]
[Result "1-0"]
[WhiteElo "1851"]
[BlackElo "1699"]
[PlyCount "67"]
[EventDate "2013.03.29"]
[EventType "tourn"]
[EventRounds "9"]
[EventCountry "MAU"]
[SourceTitle "EXT 2015"]
[Source "ChessBase"]
[SourceDate "2014.11.20"]
[SourceVersion "1"]
[SourceVersionDate "2014.11.20"]
[SourceQuality "1"]

1. d4 Nf6 2. Nf3 e6 3. g3 Nc6 4. Bg2 d5 5. 0-0 Bd6 6. c4 0-0 7. Nc3 Re8 8. b3 b6 9. Bb2 Bb7 10. e3 Ne7 11. Nb5 Ng4 12. Nxd6 Qxd6 13. Ne5 Nf6 14. Qe2 c5 15. Rfd1 Qc7 16. Rab1 dxc4 17. Bxb7 Qxb7 18. Nxc4 Nfd5 19. Nd6 Qd7 20. Nxe8 Rxe8 21. Rbc1 Qb7 22. Qb5 Rf8 23. dxc5 h6 24. c6 Qc7 25. f4 Nxe3 26. Be5 Qc8 27. Rd7 Qe8 28. Bd6 N3d5 29. f5 exf5 30. Re1 a6 31. Qc4 b5 32. Qc1 g6 33. Bxe7 Nxe7 34. Rexe7 1-0

[Event "TUN-ch (Women)"]
[Site "Hammamet"]
[Date "2013.03.20"]
[Round "7"]
[White "Meddeb, Chadha"]
[Black "Baktach, Nesrine"]
[Result "1/2-1/2"]
[WhiteElo "1657"]
[BlackElo "1699"]
[PlyCount "65"]
[EventDate "2013.03.16"]
[EventType "tourn"]
[EventRounds "10"]
[EventCountry "TUN"]
[SourceTitle "EXT 2015"]
[Source "ChessBase"]
[SourceDate "2014.11.20"]
[SourceVersion "1"]
[SourceVersionDate "2014.11.20"]
[SourceQuality "1"]

1. e4 c6 2. d4 d5 3. e5 Bf5 4. Bd3 Bxd3 5. Qxd3 e6 6. Nc3 Nd7 7. f4 Nh6 8. Nf3 Be7 9. Bd2 c5 10. dxc5 Nxc5 11. Qb5+ Qd7 12. Nd4 Qxb5 13. Ncxb5 Kd7 14. Nc3 g6 15. h3 Nf5 16. Nxf5 gxf5 17. g4 fxg4 18. hxg4 Rag8 19. g5 Na6 20. 0-0-0 Nb4 21. a3 Nc6 22. Be3 Rb8 23. Nb5 a6 24. Nd4 Nxd4 25. Bxd4 Rhc8 26. Rd3 Rg8 27. Rdh3 Rg7 28. Kd2 Bf8 29. Rh5 Be7 30. R5h3 Bf8 31. Rf3 h6 32. Rfh3 Rg6 33. Be3 1/2-1/2

[Event "TUN-ch (Women)"]
[Site "Hammamet"]
[Date "2013.03.19"]
[Round "6"]
[White "Baktach, Nesrine"]
[Black "Hidoussi, Maroua"]
[Result "1/2-1/2"]
[WhiteElo "1699"]
[BlackElo "1806"]
[PlyCount "48"]
[EventDate "2013.03.16"]
[EventType "tourn"]
[EventRounds "10"]
[EventCountry "TUN"]
[SourceTitle "EXT 2015"]
[Source "ChessBase"]
[SourceDate "2014.11.20"]
[SourceVersion "1"]
[SourceVersionDate "2014.11.20"]
[SourceQuality "1"]

1. e4 e5 2. Nf3 Nf6 3. Nxe5 d6 4. Nf3 Nxe4 5. c4 c6 6. Nc3 Nxc3 7. dxc3 Be7 8. Bf4 Be6 9. Nd4 Qd7 10. Nxe6 Qxe6+ 11. Qe2 Na6 12. 0-0-0 0-0-0 13. Be3 Nc5 14. Bxc5 Qxe2 15. Bxe2 dxc5 16. Bg4+ Kc7 17. Rhe1 Bg5+ 18. Kc2 Rxd1 19. Rxd1 Rd8 20. Rxd8 Bxd8 21. Bh5 g6 22. Bf3 Kd6 23. Bg4 f5 24. Be2 Ke5 1/2-1/2

[Event "TUN-ch (Women)"]
[Site "Hammamet"]
[Date "2013.03.18"]
[Round "4"]
[White "Matoussi, Amina"]
[Black "Baktach, Nesrine"]
[Result "1/2-1/2"]
[WhiteElo "1789"]
[BlackElo "1699"]
[PlyCount "100"]
[EventDate "2013.03.16"]
[EventType "tourn"]
[EventRounds "10"]
[EventCountry "TUN"]
[SourceTitle "EXT 2015"]
[Source "ChessBase"]
[SourceDate "2014.11.20"]
[SourceVersion "1"]
[SourceVersionDate "2014.11.20"]
[SourceQuality "1"]

1. Nf3 d5 2. g3 Nf6 3. Bg2 c6 4. b3 Bg4 5. Bb2 e6 6. Ne5 Bh5 7. d4 Be7 8. 0-0 0-0 9. c4 Nbd7 10. Nd3 Bg6 11. Nc3 Bxd3 12. Qxd3 Re8 13. e4 Nb6 14. Rad1 a5 15. a4 h6 16. f4 Rf8 17. Bc1 dxe4 18. Nxe4 Qd7 19. Nxf6+ Bxf6 20. d5 Rfd8 21. Qe3 Qc7 22. dxe6 fxe6 23. Qxe6+ Qf7 24. Qxf7+ Kxf7 25. Be3 Rxd1 26. Rxd1 Rd8 27. Rxd8 Bxd8 28. Bh3 Ke7 29. Bd4 Kf7 30. Bxb6 Bxb6+ 31. Kg2 Bd4 32. Bc8 b6 33. Bb7 c5 34. g4 Kf6 35. Kf3 Ke6 36. Ke4 Bf6 37. Bd5+ Ke7 38. Kf5 Kd6 39. g5 hxg5 40. fxg5 Be5 41. h4 Bd4 42. h5 Ke7 43. h6 gxh6 44. gxh6 Bh8 45. h7 Bd4 46. Bg8 Bh8 47. Ke4 Kd6 48. Bf7 Bg7 49. Kf5 Ke7 50. Ke4 Kd6 1/2-1/2

[Event "Mediterranean-ch 8th"]
[Site "Beirut"]
[Date "2013.01.21"]
[Round "4"]
[White "Shamieh, Jamal"]
[Black "Baktach, Nesrine"]
[Result "1-0"]
[WhiteElo "2056"]
[BlackElo "1759"]
[PlyCount "55"]
[EventDate "2013.01.19"]
[EventType "swiss"]
[EventRounds "9"]
[EventCountry "LBN"]
[SourceTitle "CBM 152 Extra"]
[Source "ChessBase"]
[SourceDate "2013.02.25"]
[SourceVersion "1"]
[SourceVersionDate "2013.02.25"]
[SourceQuality "1"]

1. d4 Nf6 2. c4 e6 3. Nf3 Bb4+ 4. Bd2 a5 5. a3 Be7 6. Nc3 d5 7. Bg5 0-0 8. e3 b6 9. cxd5 exd5 10. Qb3 Bb7 11. Rc1 Nbd7 12. Bd3 Rb8 13. 0-0 c5 14. Bb1 h6 15. Bh4 Ba6 16. Rfe1 Bc4 17. Qc2 g6 18. b3 Ba6 19. dxc5 bxc5 20. Bg3 Rc8 21. Nh4 Kg7 22. Nxg6 fxg6 23. Qxg6+ Kh8 24. Nxd5 Qe8 25. Qxh6+ Kg8 26. Qg5+ Kh8 27. Bg6 Qd8 28. Be5 1-0

[Event "Mediterranean-ch 8th"]
[Site "Beirut"]
[Date "2013.01.20"]
[Round "2"]
[White "Jalloul, Maya M"]
[Black "Baktach, Nesrine"]
[Result "1/2-1/2"]
[WhiteElo "1946"]
[BlackElo "1759"]
[PlyCount "113"]
[EventDate "2013.01.19"]
[EventType "swiss"]
[EventRounds "9"]
[EventCountry "LBN"]
[SourceTitle "CBM 152 Extra"]
[Source "ChessBase"]
[SourceDate "2013.02.25"]
[SourceVersion "1"]
[SourceVersionDate "2013.02.25"]
[SourceQuality "1"]

1. e4 d5 2. exd5 Nf6 3. Nf3 Nxd5 4. d4 c6 5. c4 Nf6 6. Nc3 Bf5 7. Be2 h6 8. 0-0 e6 9. Be3 Bd6 10. Qd2 0-0 11. Ne5 Nbd7 12. f4 Ne4 13. Nxe4 Bxe4 14. Bg4 Nf6 15. Bh3 c5 16. Rad1 cxd4 17. Bxd4 Qc7 18. Qe2 Bh7 19. Ng4 Nxg4 20. Qxg4 Bg6 21. b3 Bc5 22. Kh1 Bxd4 23. Rxd4 Rad8 24. Rfd1 Rxd4 25. Rxd4 Qc5 26. Qd1 Bb1 27. Rd2 Qe3 28. Re2 Qd3 29. Qxd3 Bxd3 30. Rd2 Be4 31. Kg1 Rc8 32. g3 Kf8 33. Kf2 Ke7 34. Ke3 Bc6 35. a3 Rd8 36. Rxd8 Kxd8 37. b4 a6 38. Kd4 Kc7 39. Bf1 Kd6 40. c5+ Ke7 41. Bc4 Kf6 42. Bd3 Ke7 43. Bc2 Kf6 44. a4 Ke7 45. Be4 Kd7 46. h4 Bxe4 47. Kxe4 Kc6 48. Kd4 f6 49. Kc4 h5 50. b5+ axb5+ 51. axb5+ Kc7 52. Kd4 g6 53. Kc4 Kd7 54. Kb4 Kc7 55. Kc4 Kd7 56. Kd4 Kc7 57. Kc4 1/2-1/2

[Event "Africa-ch U20 Girls"]
[Site "Hammamet"]
[Date "2012.12.31"]
[Round "9"]
[White "Wafa, Chrouk"]
[Black "Baktach, Nesrine"]
[Result "1-0"]
[WhiteElo "1908"]
[BlackElo "1759"]
[PlyCount "67"]
[EventDate "2012.12.24"]
[EventType "tourn"]
[EventRounds "9"]
[EventCountry "TUN"]
[SourceTitle "CBM 152 Extra"]
[Source "ChessBase"]
[SourceDate "2013.02.25"]
[SourceVersion "1"]
[SourceVersionDate "2013.02.25"]
[SourceQuality "1"]

1. e4 d5 2. exd5 Nf6 3. d4 Nxd5 4. Nf3 Bf5 5. Bd3 Bxd3 6. Qxd3 e6 7. 0-0 c5 8. dxc5 Bxc5 9. Qb5+ Nd7 10. Qxb7 Rb8 11. Qa6 0-0 12. Qe2 Qc7 13. c4 N5f6 14. Nc3 Rfe8 15. b3 e5 16. Be3 Bxe3 17. Qxe3 e4 18. Nb5 Rxb5 19. cxb5 exf3 20. Qxf3 Qb8 21. a4 h5 22. Rfe1 Rc8 23. Rac1 Ng4 24. Rxc8+ Qxc8 25. h3 Ngf6 26. Qc6 Qf8 27. Rd1 Nc5 28. Qc7 Ne6 29. Qxa7 Qc5 30. Qxc5 Nxc5 31. b6 Kh7 32. b4 Ncd7 33. b7 Nb8 34. a5 1-0

[Event "Africa-ch U20 Girls"]
[Site "Hammamet"]
[Date "2012.12.24"]
[Round "1"]
[White "Baktach, Nesrine"]
[Black "Afgoun, Dyhia"]
[Result "1-0"]
[WhiteElo "1759"]
[BlackElo "1542"]
[PlyCount "75"]
[EventDate "2012.12.24"]
[EventType "tourn"]
[EventRounds "9"]
[EventCountry "TUN"]
[SourceTitle "CBM 152 Extra"]
[Source "ChessBase"]
[SourceDate "2013.02.25"]
[SourceVersion "1"]
[SourceVersionDate "2013.02.25"]
[SourceQuality "1"]

1. e4 e6 2. d4 d5 3. Nc3 Nf6 4. e5 Nfd7 5. f4 c5 6. Nf3 Nc6 7. Ne2 Qb6 8. c3 Be7 9. Ng3 a6 10. Be2 0-0 11. 0-0 f6 12. Kh1 f5 13. Rb1 Re8 14. Be3 cxd4 15. cxd4 Nf8 16. h4 Qd8 17. h5 Bd7 18. Rg1 Rc8 19. Nf1 Na5 20. b3 Nc6 21. Qe1 Nb4 22. g4 g6 23. gxf5 exf5 24. Rb2 Nc2 25. Qg3 Be6 26. Bd3 Nb4 27. Bb1 Qd7 28. hxg6 Nxg6 29. Rh2 Bd8 30. Nh4 Bxh4 31. Qxh4 Qf7 32. Rxg6+ Qxg6 33. Rg2 Qxg2+ 34. Kxg2 Nxa2 35. Qg5+ Kh8 36. Qf6+ Kg8 37. Bxf5 Bxf5 38. Qxf5 1-0